|
|
|
|
| LEADER |
02286cam a2200649 a 4500 |
| 001 |
nkc20122345625 |
| 003 |
CZ PrNK |
| 005 |
20201209142916.0 |
| 007 |
ta |
| 008 |
120127s2011 xr f i 001 0 cze d |
| 020 |
|
|
|a 978-80-87256-44-2
|q (váz.)
|
| 035 |
|
|
|a (OCoLC)823820621
|
| 040 |
|
|
|a CBD005
|b cze
|d ULG001
|d BOA001
|d ABA001
|
| 041 |
1 |
|
|a cze
|h ger
|
| 072 |
|
7 |
|a 101
|x Filozofie
|2 Konspekt
|9 5
|
| 080 |
|
|
|a 111.83
|2 MRF
|
| 080 |
|
|
|a 165.023.1
|2 MRF
|
| 080 |
|
|
|a 81'24
|2 MRF
|
| 080 |
|
|
|a 101
|2 MRF
|
| 080 |
|
|
|a 165.242.2
|2 MRF
|
| 080 |
|
|
|a 801.73
|2 MRF
|
| 080 |
|
|
|a 1/3+7/9
|2 MRF
|
| 080 |
|
|
|a (0:82-4)
|2 MRF
|
| 080 |
|
|
|a (083.8)
|2 MRF
|
| 100 |
1 |
|
|a Gadamer, Hans-Georg,
|d 1900-2002
|7 jn20000601681
|4 aut
|
| 245 |
1 |
0 |
|a Pravda a metoda II :
|b dodatky, rejstříky /
|c Hans-Georg Gadamer ; [přeložil David Mik]
|
| 250 |
|
|
|a Vyd. 1.
|
| 260 |
|
|
|a Praha :
|b Triáda,
|c 2011
|
| 300 |
|
|
|a 471 s. ;
|c 25 cm
|
| 490 |
1 |
|
|a Paprsek ;
|v sv. 19
|
| 500 |
|
|
|a Přeloženo z němčiny
|
| 504 |
|
|
|a Obsahuje bibliografické odkazy a rejstříky
|
| 650 |
0 |
7 |
|a pravda
|7 ph124557
|2 czenas
|
| 650 |
0 |
7 |
|a řeč
|7 ph117285
|x filozofické aspekty
|2 czenas
|
| 650 |
0 |
7 |
|a porozumění (filozofie)
|7 ph303214
|2 czenas
|
| 650 |
0 |
7 |
|a interpretace (filozofie)
|7 ph135767
|2 czenas
|
| 650 |
0 |
7 |
|a hermeneutika
|7 ph120687
|2 czenas
|
| 650 |
0 |
7 |
|a humanitní vědy
|7 ph114730
|x filozofické aspekty
|2 czenas
|
| 650 |
0 |
9 |
|a truth
|2 eczenas
|
| 650 |
0 |
9 |
|a speech
|x philosophical aspects
|2 eczenas
|
| 650 |
0 |
9 |
|a understanding (philosophy)
|2 eczenas
|
| 650 |
0 |
9 |
|a interpretation (philosophy)
|2 eczenas
|
| 650 |
0 |
9 |
|a hermeneutics
|2 eczenas
|
| 650 |
0 |
9 |
|a humanities
|x philosophical aspects
|2 eczenas
|
| 655 |
|
7 |
|a eseje
|7 fd132213
|2 czenas
|
| 655 |
|
7 |
|a rejstříky
|7 fd133245
|2 czenas
|
| 655 |
|
9 |
|a essays
|2 eczenas
|
| 655 |
|
9 |
|a indexes
|2 eczenas
|
| 765 |
0 |
|
|t Hermeneutik II: Wahrheit und Methode
|9 Česky
|
| 765 |
1 |
|
|t Wahrheit und Methode
|9 Česky
|
| 830 |
|
0 |
|a Paprsek (Triáda)
|0 s
|
| 910 |
2 |
|
|a BOA001
|b 2-1291.069
|
| 990 |
|
|
|a BK
|
| 995 |
|
|
|a 90
|
| 991 |
|
|
|b 201209
|c NOV
|e n
|
| 996 |
6 |
|
|b 2610522517
|c 2-1291.069
|l MZK
|r Sklad / do 1 hodiny
|n 3
|p p.v.
|w 001282915
|u 000010
|a 1
|e BOA001
|j MZK50
|s P
|
| 996 |
7 |
|
|b 2610522929
|c 2-1291.069
|l MZK
|r Sklad / do 1 hodiny
|n 10
|p kup
|w 001282915
|u 000020
|a 1
|e BOA001
|j MZK50
|s A
|